LEADER 01535nam0 2200349 i 450 001 SUN0115297 005 20180302092402.937 010 $d0.00 017 70$2N$a978-81-322-3667-2 100 $a20180301d2016 |0engc50 ba 101 $aeng 102 $aIN 105 $a|||| ||||| 200 1 $a*Quantum isometry groups$fDebashish Goswami, Jyotishman Bhowmick 205 $a[New Delhi] : Springer, 2016 210 $aXVIII$d235 p. ; 24 cm 215 $aPubblicazione in formato elettronico 410 1$1001SUN0108894$12001 $a*Infosys Science Foundation Series$1210 $aCham$cSpringer. 606 $a81-XX$xQuantum theory [MSC 2020]$2MF$3SUNC019967 606 $a81R60$xNoncommutative geometry in quantum theory [MSC 2020]$2MF$3SUNC021525 606 $a17B37$xQuantum groups (quantized enveloping algebras) and related deformations [MSC 2020]$2MF$3SUNC023868 606 $a81R50$xQuantum groups and related algebraic methods applied to problems in quantum theory [MSC 2020]$2MF$3SUNC023870 620 $aIN$dNew Delhi$3SUNL001098 700 1$aGoswami$b, Debashish$3SUNV089210$0300721 701 1$aBhowmick$b, Jyotishman$3SUNV089211$0756053 712 $aSpringer$3SUNV000178$4650 801 $aIT$bSOL$c20201026$gRICA 856 4 $uhttp://dx.doi.org/10.1007/978-81-322-3667-2 912 $aSUN0115297 950 $aBIBLIOTECA CENTRO DI SERVIZIO SBA$d15CONS SBA EBOOK 2462 $e15EB 2462 20180301 996 $aQuantum isometry groups$91523592 997 $aUNICAMPANIA LEADER 00823cam0 2200253 450 001 E600200070149 005 20210208112012.0 010 $a0300045654 100 $a20101217d1990 |||||ita|0103 ba 101 $aeng 102 $aUS 200 1 $aLeibniz & Arnauld$eA commentary on their correspondence$fR. C. Sleigh 210 $aNew Haven$aLondon$cYale University Press$d1990 215 $aXV,238 p.$d24 cm 700 1$aSleigh$b, R. C.$3A600200063709$4070$0614814 801 0$aIT$bUNISOB$c20210208$gRICA 850 $aUNISOB 852 $aUNISOB$j100$m63082 912 $aE600200070149 940 $aM 102 Monografia moderna SBN 941 $aM 957 $a100$b005908$gSi$d63082$racquisto$1pregresso2$2UNISOB$3UNISOB$420101217105023.0$520210208112001.0$6Alfano 996 $aLeibniz & Arnauld$91700694 997 $aUNISOB